000 00378nam a22001697a 4500
003 MPLRDC
005 20220104113740.0
008 210129b ||||| |||| 00| 0 eng d
082 _a857.7 YQ v.63
100 _a严沁
245 _a星语
_c
250 _a初版
260 _a
_b龙泉出版社
_c1978
300 _b
650 _a长篇小说
942 _cBK
_o857.7 YQ v.63
999 _c2060
_d2050